000 00636nam a2200193 4500
001 144626
003 ES-MaACL
005 20230906201048.0
007 t|
008 070214s1965 sp r ||||1| spa d
080 _a636.087
100 1 _aSimmons, N. O.
_9106492
245 1 0 _aTecnología de la fabricación de piensos compuestos /
_cN. O. Simmons ; traducción de Manuel Pino Salgado.
260 _aZaragoza :
_bAcribia,
_c1965.
300 _aXXVIII, 410 p., 54 lám. :
_bil. ;
_c24 cm.
650 4 _aPiensos compuestos-
_xFabricación.
_9144032
700 1 _aPino Salgado, Manuel.
_992182
852 _aES-MaACL
_jC-28984
_bR.58394
999 _c144626
_d144626